Politica in Italia. Ed. 1998 (Record n. 32667)
[ formato base ]
| 000 -LEADER | |
|---|---|
| fixed length control field | 00723nam a2200301Ia 4500 |
| 003 - CONTROL NUMBER IDENTIFIER | |
| control field | IT-RoPAU |
| 005 - DATE AND TIME OF LATEST TRANSACTION | |
| control field | 20220918175836.0 |
| 008 - FIXED-LENGTH DATA ELEMENTS--GENERAL INFORMATION | |
| fixed length control field | 120407s9999 xx 000 0 und d |
| 040 ## - CATALOGING SOURCE | |
| Original cataloging agency | IT-RoPAU |
| 040 ## - CATALOGING SOURCE | |
| Transcribing agency | IT-RoPAU |
| 041 ## - LANGUAGE CODE | |
| Language code of text/sound track or separate title | ita |
| 100 ## - MAIN ENTRY--PERSONAL NAME | |
| Personal name | Luciano Bardi |
| 9 (RLIN) | 36063 |
| 100 ## - MAIN ENTRY--PERSONAL NAME | |
| Titles and words associated with a name | cur. |
| 9 (RLIN) | 16924 |
| 245 ## - TITLE STATEMENT | |
| Title | Politica in Italia. Ed. 1998 |
| 250 ## - EDITION STATEMENT | |
| Edition statement | Bologna |
| 260 ## - PUBLICATION, DISTRIBUTION, ETC. (IMPRINT) | |
| Place of publication, distribution, etc. | Il Mulino |
| 260 ## - PUBLICATION, DISTRIBUTION, ETC. (IMPRINT) | |
| Date of publication, distribution, etc. | 1998 |
| 300 ## - PHYSICAL DESCRIPTION | |
| Extent | 327 p. |
| 300 ## - PHYSICAL DESCRIPTION | |
| Other physical details | brossura |
| 300 ## - PHYSICAL DESCRIPTION | |
| Dimensions | 21,5 cm |
| 490 ## - SERIES STATEMENT | |
| Volume/sequential designation | 1 |
| 600 ## - SUBJECT ADDED ENTRY--PERSONAL NAME | |
| Personal name | I fatti dell’anno (1997) e le interpretaz. |
| 9 (RLIN) | 36064 |
| 700 ## - ADDED ENTRY--PERSONAL NAME | |
| Personal name | Martin Rhodes |
| 9 (RLIN) | 36065 |
| 700 ## - ADDED ENTRY--PERSONAL NAME | |
| Titles and other words associated with a name | cur. |
| 9 (RLIN) | 16924 |
| 710 ## - ADDED ENTRY--CORPORATE NAME | |
| Corporate name or jurisdiction name as entry element | Istituto Carlo Cattaneo |
| 9 (RLIN) | 36066 |
| 942 ## - ADDED ENTRY ELEMENTS (KOHA) | |
| Koha item type | LIBRO |
| Source of classification or shelving scheme | Dewey Decimal Classification |
| Withdrawn status | Lost status | Source of classification or shelving scheme | Damaged status | Not for loan | Home library | Current library | Date acquired | Total Checkouts | Full call number | Date last seen | Price effective from | Koha item type | Public note |
|---|---|---|---|---|---|---|---|---|---|---|---|---|---|
| Dewey Decimal Classification | Buone Condizioni | Not For Loan | PAULUS-BIBLIOTECA | PAULUS-BIBLIOTECA | 11/04/2012 | 320.84 | 11/04/2012 | 11/04/2012 | LIBRO | Inserito da: LUCIA In data: 02 settembre 2011 fondo: Via A.Severo 56 Progr:29402 |